00797nam a2200217 a 450000100060000000300090000600800410001501500210005602000180007704000280009508200190012310000270014224501280016924600140029726000320031130000470034349000180039050001000040865000110050865000600051924287CO-ViMGA141112s2004 ck r 000 u spa d ack - 2011 - xxxx a9789584536099 aCO-ViMGAbspacCO-ViMGA04aI 372.55 G652c1 aGómez Gómez, Laura10aLa casa de Mickey Mouse / cedición y textos, Laura Gómez Gómez ; diseño y diagramación, Andrea Rincón Granados aTeatro de aBogotá : bNorma, cc2011 a[29] p. : principalmente il. col. ; 28 cm. aDisney junior a"Recorta y diviertete! con los escenarios y personajes de la casa de Mickey Mouse y sus amigos"14aTeatro14aTrabajos Manuales (Educación) - Enseñanza primaria